[Event "4NCL9495 2nd Season"]
[Site "Various Venues"]
[Date "1995.05.20"]
[Round "11.4"]
[White "Mordue, A Tyson"]
[Black "Gormally, Daniel"]
[Result "0-1"]
[WhiteElo "2230"]
[BlackElo "2168"]
[PlyCount "90"]
[EventDate "1994.10.01"]
[EventType "team-tourn"]
[EventRounds "11"]
[EventCountry "GBR"]
[SourceTitle "BritBase 14May2020"]
[SourceDate "2020.05.14"]
[SourceVersionDate "2020.05.14"]
[WhiteTeam "Bristol"]
[BlackTeam "Invicta Knights"]
[WhiteTeamCountry "ENG"]
[BlackTeamCountry "ENG"]

1. e4 c5 2. Nf3 d6 3. d4 cxd4 4. Nxd4 Nf6 5. Nc3 a6 6. Bg5 e6 7. f4 Be7 8. Qf3
Qa5 9. O-O-O Bd7 10. Be2 Nc6 11. Nb3 Qc7 12. Qg3 O-O-O 13. Bf3 h6 14. Bh4 g5
15. fxg5 hxg5 16. Bxg5 Rdg8 17. Bxf6 Rxg3 18. Bxh8 Rg8 19. Bd4 Nxd4 20. Nxd4
Qc5 21. Kb1 Rh8 22. g3 Bf6 23. Nce2 Bb5 24. Nxb5 axb5 25. h4 b4 26. Rhf1 Kd7
27. Rd3 Ke7 28. Rb3 Rc8 29. Rc1 Qf2 30. Bg4 Rc4 31. Bf3 Be5 32. h5 Bg7 33. Rd3
Qc5 34. Nf4 Bh6 35. Rcd1 Rxc2 36. Rxd6 Bxf4 37. gxf4 Qf2 38. Rd7+ Kf8 39. Rd8+
Kg7 40. h6+ Kh7 41. Ra8 Rxb2+ 42. Ka1 Rd2 43. Rxd2 Qxd2 44. Rc8 Qe1+ 45. Kb2
Qf2+ 0-1

[Event "4NCL9495 2nd Season"]
[Site "Various Venues"]
[Date "1995.05.20"]
[Round "11.5"]
[White "Harakis, Alexis"]
[Black "Binks, Michael E"]
[Result "1-0"]
[WhiteElo "2170"]
[BlackElo "2110"]
[PlyCount "79"]
[EventDate "1994.10.01"]
[EventType "team-tourn"]
[EventRounds "11"]
[EventCountry "GBR"]
[SourceTitle "BritBase 15May2020"]
[SourceDate "2020.05.15"]
[SourceVersionDate "2020.05.15"]
[WhiteTeam "Invicta Knights"]
[BlackTeam "Bristol"]
[WhiteTeamCountry "ENG"]
[BlackTeamCountry "ENG"]

1. d4 d5 2. c4 c6 3. Nc3 Nf6 4. Nf3 dxc4 5. a4 Bf5 6. e3 e6 7. Bxc4 Bb4 8. O-O
O-O 9. Nh4 Bg4 10. f3 Bh5 11. g4 Bg6 12. Nxg6 hxg6 13. e4 Nbd7 14. g5 Ne8 15.
f4 Nd6 16. Bd3 c5 17. e5 Nf5 18. Bxf5 gxf5 19. Qh5 Re8 20. Rf3 Nf8 21. Nb5 cxd4
22. Rh3 Ng6 23. Qh7+ Kf8 24. Rd3 a6 25. Nxd4 Bc5 26. Be3 Qe7 27. h4 Red8 28. h5
Bxd4 29. Rxd4 Rxd4 30. Bxd4 Qb4 31. Be3 Nxf4 32. Qh8+ Ke7 33. Qxa8 Nd3 34. Qa7
Qg4+ 35. Kf1 Qf3+ 36. Bf2 Qh3+ 37. Ke2 Nf4+ 38. Ke1 Qh1+ 39. Kd2 Qg2 40. Qc5+
1-0

[Event "4NCL9495 2nd Season"]
[Site "Various Venues"]
[Date "1995.05.20"]
[Round "11.7"]
[White "Howell, Susan"]
[Black "Rudd, Jack"]
[Result "0-1"]
[WhiteElo "1775"]
[BlackElo "2250"]
[PlyCount "110"]
[EventDate "1994.10.01"]
[EventType "team-tourn"]
[EventRounds "11"]
[EventCountry "GBR"]
[SourceTitle "BritBase 14May2020"]
[SourceDate "2020.05.14"]
[SourceVersionDate "2020.05.14"]
[WhiteTeam "Invicta Knights"]
[BlackTeam "Bristol"]
[WhiteTeamCountry "ENG"]
[BlackTeamCountry "ENG"]

1. d4 Nf6 2. c4 g6 3. Nc3 Bg7 4. e4 O-O 5. Nf3 d6 6. Be2 Nc6 7. O-O e5 8. d5
Ne7 9. Rb1 Ne8 10. b4 f5 11. Bb2 f4 12. c5 h6 13. Nd2 g5 14. f3 h5 15. Nc4 Rf6
16. b5 Rg6 17. cxd6 cxd6 18. h3 Nf6 19. Ba3 g4 20. fxg4 hxg4 21. hxg4 Nxg4 22.
Bxd6 Ne3 23. Nxe3 Qxd6 24. Nc4 Qc5+ 25. Rf2 f3 26. Bxf3 Qxc4 27. d6 Qe6 28.
dxe7 Qxe7 29. Nd5 Qh4 30. Kf1 Be6 31. Ke2 Rd8 32. Qh1 Qg5 33. Qc1 Bxd5 34. exd5
Qf5 35. Rb4 Bh6 36. Qc3 Rg3 37. Qd3 Qg5 38. d6 Kg7 39. d7 Kh8 40. Rc4 Qg8 41.
Rc2 Rg7 42. Qd6 Bf4 43. Bd5 Qh7 44. Rc3 Rg6 45. Be6 Qh4 46. g4 Rxg4 47. Bxg4
Qxg4+ 48. Kf1 Rxd7 49. Qf6+ Kh7 50. Rcf3 Qh5 51. Rxf4 Rd1+ 52. Kg2 Qh1+ 53. Kg3
Rg1+ 54. Rg2 Qxg2+ 55. Kh4 Qh2# 0-1

[Event "4NCL9495 2nd Season"]
[Site "Various Venues"]
[Date "1995.05.20"]
[Round "11.1"]
[White "Horner, Jeff"]
[Black "Ledger, Andrew"]
[Result "1-0"]
[WhiteElo "2350"]
[BlackElo "2410"]
[PlyCount "93"]
[EventDate "1994.10.01"]
[EventType "team-tourn"]
[EventRounds "11"]
[EventCountry "GBR"]
[SourceTitle "BritBase 14May2020"]
[SourceDate "2020.05.14"]
[SourceVersionDate "2020.05.14"]
[WhiteTeam "North West Eagles"]
[BlackTeam "Midland Monarchs"]
[WhiteTeamCountry "ENG"]
[BlackTeamCountry "ENG"]

1. e4 c6 2. Nc3 d5 3. Nf3 Bg4 4. h3 Bxf3 5. Qxf3 Nf6 6. d3 e6 7. a3 Be7 8. g3
O-O 9. Bg2 Nbd7 10. O-O b5 11. Qe2 a5 12. a4 b4 13. Nb1 Nb6 14. Nd2 c5 15. Nf3
Rc8 16. e5 Nfd7 17. h4 Qc7 18. Re1 Qc6 19. b3 f5 20. Bf4 Nb8 21. Qd2 Qd7 22. c4
bxc3 23. Qxc3 Nc6 24. Rec1 d4 25. Qd2 Nd5 26. Ne1 Rb8 27. Rab1 Rb6 28. Nc2 Nc3
29. Na3 Nxb1 30. Rxb1 Rfb8 31. Nb5 Nb4 32. h5 Rxb5 33. axb5 Qxb5 34. Rd1 Rd8
35. h6 g6 36. g4 Nd5 37. Bg5 Qe8 38. Ra1 fxg4 39. Rxa5 Rb8 40. Bxd5 exd5 41.
Ra7 Bf8 42. Qf4 Rb6 43. e6 Rxe6 44. Qc7 Be7 45. Bxe7 g3 46. Qd8 Qxd8 47. Bxd8
1-0

[Event "4NCL9495 2nd Season"]
[Site "Various Venues"]
[Date "1995.05.20"]
[Round "11.2"]
[White "Buckley, Graeme"]
[Black "Quillan, Gary"]
[Result "1-0"]
[WhiteElo "2310"]
[BlackElo "2305"]
[PlyCount "33"]
[EventDate "1994.10.01"]
[EventType "team-tourn"]
[EventRounds "11"]
[EventCountry "GBR"]
[SourceTitle "BritBase"]
[SourceDate "2020.05.17"]
[SourceVersion "1"]
[SourceVersionDate "2020.05.17"]
[SourceQuality "1"]
[WhiteTeam "Midland Monarchs"]
[BlackTeam "North West Eagles"]
[WhiteTeamCountry "ENG"]
[BlackTeamCountry "ENG"]

1. d4 Nf6 2. Bg5 Ne4 3. Bh4 c5 4. f3 g5 5. fxe4 gxh4 6. e3 Qb6 7. Nc3 Qxb2 8.
Nd5 Kd8 9. Rb1 Qa3 10. Qh5 Nc6 11. Nf3 f6 12. Be2 Qxa2 13. O-O Nb4 14. Rxb4
cxb4 15. Ne5 fxe5 16. Qxe5 e6 17. Qf6+ 1-0

[Event "4NCL9495 2nd Season"]
[Site "Various Venues"]
[Date "1995.05.20"]
[Round "11.3"]
[White "Littlewood, John Eric"]
[Black "Hunt, Harriet V"]
[Result "1-0"]
[WhiteElo "2310"]
[BlackElo "2265"]
[PlyCount "45"]
[EventDate "1994.10.01"]
[EventType "team-tourn"]
[EventRounds "11"]
[EventCountry "GBR"]
[SourceTitle "BritBase"]
[SourceDate "2020.05.17"]
[SourceVersion "1"]
[SourceVersionDate "2020.05.17"]
[SourceQuality "1"]
[WhiteTeam "North West Eagles"]
[BlackTeam "Midland Monarchs"]
[WhiteTeamCountry "ENG"]
[BlackTeamCountry "ENG"]

1. f4 d5 2. g3 g6 3. Bg2 Bg7 4. Nf3 Nf6 5. O-O O-O 6. d3 c6 7. Qe1 Qb6+ 8. e3
Nbd7 9. Nc3 Re8 10. Kh1 e5 11. e4 exf4 12. gxf4 Nf8 13. Ne5 Nh5 14. exd5 f6 15.
Be3 Qxb2 16. Rb1 Qa3 17. Nc4 Qa6 18. dxc6 bxc6 19. Ne4 Nd7 20. f5 Rb8 21. Ncd6
Re7 22. Rxb8 Nxb8 23. Nc5 1-0

[Event "4NCL9495 2nd Season"]
[Site "Various Venues"]
[Date "1995.05.20"]
[Round "11.4"]
[White "Cooper, Lawrence"]
[Black "House, Glenn L"]
[Result "1/2-1/2"]
[WhiteElo "2305"]
[BlackElo "2240"]
[PlyCount "78"]
[EventDate "1994.10.01"]
[EventType "team-tourn"]
[EventRounds "11"]
[EventCountry "GBR"]
[SourceTitle "BritBase 15May2020"]
[SourceDate "2020.05.15"]
[SourceVersionDate "2020.05.15"]
[WhiteTeam "Midland Monarchs"]
[BlackTeam "North West Eagles"]
[WhiteTeamCountry "ENG"]
[BlackTeamCountry "ENG"]

1. e4 c5 2. Nf3 e6 3. d4 cxd4 4. Nxd4 Nf6 5. Nc3 d6 6. g4 Be7 7. g5 Nfd7 8. Be3
Nc6 9. h4 O-O 10. Qd2 Nb6 11. f4 d5 12. e5 Bb4 13. a3 Bxc3 14. Qxc3 Na4 15.
Nxc6 bxc6 16. Qb4 Nb6 17. Bc5 Re8 18. h5 Nd7 19. Bd6 Qb6 20. Rh3 Ba6 21. Bxa6
Qxa6 22. g6 fxg6 23. hxg6 h6 24. O-O-O Nb6 25. b3 Qb7 26. a4 a5 27. Qd4 Nc8 28.
Rc3 Qd7 29. Ba3 Ra6 30. Rf1 Ne7 31. Bxe7 Qxe7 32. Kb1 Rf8 33. Qd3 Rb6 34. f5
exf5 35. Rxf5 Qe6 36. Rxf8+ Kxf8 37. Qd4 Ra6 38. Rf3+ Kg8 39. Rg3 Ra8 1/2-1/2

[Event "4NCL9495 2nd Season"]
[Site "Various Venues"]
[Date "1995.05.20"]
[Round "11.5"]
[White "Tebb, David"]
[Black "Baker, Chris W"]
[Result "1-0"]
[WhiteElo "2305"]
[BlackElo "2260"]
[PlyCount "95"]
[EventDate "1994.10.01"]
[EventType "team-tourn"]
[EventRounds "11"]
[EventCountry "GBR"]
[SourceTitle "BritBase 15May2020"]
[SourceDate "2020.05.15"]
[SourceVersionDate "2020.05.15"]
[WhiteTeam "North West Eagles"]
[BlackTeam "Midland Monarchs"]
[WhiteTeamCountry "ENG"]
[BlackTeamCountry "ENG"]

1. e4 d6 2. d4 Nf6 3. Nc3 c6 4. Nf3 Bg4 5. Be3 e6 6. Bd3 d5 7. h3 Bh5 8. a3 Be7
9. O-O O-O 10. e5 Nfd7 11. Ne2 Bxf3 12. gxf3 f5 13. Nf4 Qe8 14. Kh2 Bg5 15. Rg1
Bh6 16. Qd2 Kh8 17. Ng6+ hxg6 18. Bxh6 c5 19. c3 Nc6 20. Bb5 Qf7 21. Bf4 Rfc8
22. Rg3 a6 23. Bxc6 Rxc6 24. Rag1 Nf8 25. dxc5 Rxc5 26. Be3 Rc4 27. Bd4 Rac8
28. h4 R8c7 29. Qf4 Kh7 30. Rh3 Kg8 31. h5 gxh5 32. Qh6 g6 33. Qxh5 Qg7 34. Qg5
b5 35. Rg2 a5 36. f4 b4 37. axb4 axb4 38. Qd8 bxc3 39. bxc3 Rb7 40. Qa8 Rb1 41.
Qe8 Rc7 42. Qd8 Rd7 43. Qa5 Rdb7 44. Bc5 R1b5 45. Qa3 Nd7 46. Bd6 Nb6 47. Qa6
Rb3 48. Rxg6 1-0

[Event "4NCL9495 2nd Season"]
[Site "Various Venues"]
[Date "1995.05.20"]
[Round "11.6"]
[White "Wall, Tim"]
[Black "Smith, Alan A"]
[Result "1-0"]
[WhiteElo "2250"]
[BlackElo "2260"]
[PlyCount "41"]
[EventDate "1994.10.01"]
[EventType "team-tourn"]
[EventRounds "11"]
[EventCountry "GBR"]
[SourceTitle "BritBase"]
[SourceDate "2020.05.17"]
[SourceVersion "1"]
[SourceVersionDate "2020.05.17"]
[SourceQuality "1"]
[WhiteTeam "Midland Monarchs"]
[BlackTeam "North West Eagles"]
[WhiteTeamCountry "ENG"]
[BlackTeamCountry "ENG"]

1. e4 c5 2. d4 e6 3. c3 Nc6 4. Nf3 cxd4 5. cxd4 Nf6 6. Nbd2 d5 7. e5 Ne4 8. Bd3
f5 9. exf6 Nxf6 10. O-O Bd6 11. Nb3 O-O 12. Re1 Qc7 13. Qe2 a5 14. a4 Nb4 15.
Bb1 Bd7 16. Bg5 Rae8 17. Ne5 Bc8 18. Bh4 b6 19. Rc1 Qb8 20. Bxf6 gxf6 21. Bxh7+
1-0

[Event "4NCL9495 2nd Season"]
[Site "Various Venues"]
[Date "1995.05.20"]
[Round "11.7"]
[White "Clarke, Stuart"]
[Black "McFarland, Robert S"]
[Result "1/2-1/2"]
[WhiteElo "2285"]
[BlackElo "2255"]
[PlyCount "37"]
[EventDate "1994.10.01"]
[EventType "team-tourn"]
[EventRounds "11"]
[EventCountry "GBR"]
[SourceTitle "BritBase 15May2020"]
[SourceDate "2020.05.15"]
[SourceVersionDate "2020.05.15"]
[WhiteTeam "North West Eagles"]
[BlackTeam "Midland Monarchs"]
[WhiteTeamCountry "ENG"]
[BlackTeamCountry "ENG"]

1. e4 g6 2. d4 Bg7 3. Nf3 c6 4. Nc3 d6 5. Be3 Qa5 6. Be2 Nf6 7. O-O Nbd7 8. Nd2
b5 9. a3 O-O 10. f4 Bb7 11. Qe1 a6 12. e5 Nd5 13. Nxd5 cxd5 14. Qh4 Qd8 15. Nf3
e6 16. Qxd8 Rfxd8 17. Bd2 Rdc8 18. Rac1 Bf8 19. Ba5 1/2-1/2

[Event "4NCL9495 2nd Season"]
[Site "Various Venues"]
[Date "1995.05.20"]
[Round "11.2"]
[White "Smith, Jeff R"]
[Black "Holland, Christopher"]
[Result "0-1"]
[WhiteElo "2205"]
[BlackElo "2275"]
[PlyCount "124"]
[EventDate "1994.10.01"]
[EventType "team-tourn"]
[EventRounds "11"]
[EventCountry "GBR"]
[SourceTitle "BritBase 14May2020"]
[SourceDate "2020.05.14"]
[SourceVersionDate "2020.05.14"]
[WhiteTeam "South Wales Dragons"]
[BlackTeam "Na Fianna"]
[WhiteTeamCountry "WLS"]
[BlackTeamCountry "IRL"]

1. e4 e6 2. d4 d5 3. Nd2 c5 4. Ngf3 Nf6 5. exd5 Nxd5 6. Nb3 Nf6 7. Bg5 Nbd7 8.
Bb5 Qb6 9. Qe2 cxd4 10. Nfxd4 a6 11. Bc4 Nc5 12. O-O-O Bd7 13. f4 O-O-O 14. f5
exf5 15. Bxf7 Bd6 16. Nxc5 Bxc5 17. Nb3 Bd6 18. Qc4+ Bc7 19. Rxd7 Nxd7 20. Be6
Kb8 21. Bxd8 Rxd8 22. Bxf5 Qe3+ 23. Kb1 Nf6 24. Bd3 Bxh2 25. Nc5 Rc8 26. b4 Bd6
27. Bf5 Rc6 28. Qd3 Bxc5 29. bxc5 Qxd3 30. cxd3 Rxc5 31. Bxh7 Rg5 32. Be4 Nxe4
33. dxe4 Rxg2 34. Rh8+ Kc7 35. e5 Kc6 36. e6 Kd6 37. Rb8 Kxe6 38. Rxb7 Kf5 39.
Rf7+ Ke5 40. Re7+ Kd5 41. Rd7+ Kc6 42. Ra7 Kb5 43. Rb7+ Ka4 44. Rb6 a5 45. Rb7
Rg5 46. Ka1 Rg4 47. Rb3 g5 48. Rb8 Rb4 49. Rg8 Rb5 50. Rg7 Kb4 51. Kb2 Kc4+ 52.
Kc2 Kd4 53. Kd2 Ke4 54. Ke2 Rb2+ 55. Kf1 Kf3 56. Rf7+ Kg4 57. Rf2 Rxf2+ 58.
Kxf2 Kh3 59. Kg1 a4 60. Kh1 a3 61. Kg1 Kg3 62. Kh1 Kf3 0-1

[Event "4NCL9495 2nd Season"]
[Site "Various Venues"]
[Date "1995.05.20"]
[Round "11.3"]
[White "Ludgate, Alan Templeton"]
[Black "Morris, Charles F"]
[Result "1/2-1/2"]
[WhiteElo "2280"]
[BlackElo "2195"]
[PlyCount "55"]
[EventDate "1994.10.01"]
[EventType "team-tourn"]
[EventRounds "11"]
[EventCountry "GBR"]
[SourceTitle "BritBase"]
[SourceDate "2020.05.17"]
[SourceVersion "1"]
[SourceVersionDate "2020.05.17"]
[SourceQuality "1"]
[WhiteTeam "Na Fianna"]
[BlackTeam "South Wales Dragons"]
[WhiteTeamCountry "IRL"]
[BlackTeamCountry "WLS"]

1. c4 e5 2. Nc3 d6 3. g3 g6 4. Bg2 Bg7 5. d3 Ne7 6. Nf3 O-O 7. O-O f5 8. Rb1 c6
9. Qc2 h6 10. b4 g5 11. b5 Nd7 12. bxc6 bxc6 13. Ba3 Qc7 14. Nd2 Rb8 15. Rxb8
Nxb8 16. Qb3 Kh8 17. Rb1 Nd7 18. Qb4 Rf6 19. Nb3 Bf8 20. Qa5 Qb6 21. Na4 Qxa5
22. Nxa5 c5 23. Bb7 Rf7 24. Bxc8 Nxc8 25. Rb7 Kg7 26. Nc6 Ndb6 27. Rxf7+ Kxf7
28. Nc3 1/2-1/2

[Event "4NCL9495 2nd Season"]
[Site "Various Venues"]
[Date "1995.05.20"]
[Round "11.4"]
[White "Saunders, John C"]
[Black "Wallace, Paul Anthony"]
[Result "1/2-1/2"]
[WhiteElo "2250"]
[BlackElo "2230"]
[PlyCount "89"]
[EventDate "1994.10.01"]
[EventType "team-tourn"]
[EventRounds "11"]
[EventCountry "GBR"]
[SourceTitle "BritBase"]
[SourceDate "2020.05.17"]
[SourceVersion "1"]
[SourceVersionDate "2020.05.17"]
[SourceQuality "1"]
[WhiteTeam "South Wales Dragons"]
[BlackTeam "Na Fianna"]
[WhiteTeamCountry "WLS"]
[BlackTeamCountry "IRL"]

1. c4 e5 2. Nc3 Nc6 3. g3 g6 4. Bg2 Bg7 5. e3 d6 6. Nge2 h5 7. d4 h4 8. d5 Nce7
9. e4 Bg4 10. Qd3 Nf6 11. f3 Bd7 12. g4 Nh7 13. Be3 f5 14. gxf5 gxf5 15. f4 Nf6
16. fxe5 dxe5 17. exf5 Bxf5 18. Ne4 Qd7 19. Nxf6+ Bxf6 20. Be4 Bxe4 21. Qxe4
Qf5 22. Nc3 h3 23. Rf1 Bh4+ 24. Kd2 Qxe4 25. Nxe4 O-O-O 26. Rf7 Rdg8 27. Rg1
Rxg1 28. Bxg1 Rg8 29. Bf2 Bxf2 30. Nxf2 Rg2 {(=)} 31. Ke3 Ng6 32. Nxh3 Rxh2 33.
Nf2 Nf4 34. b4 b5 35. Ne4 bxc4 36. Nc5 Nxd5+ 37. Ke4 c6 38. Kxe5 Nxb4 39. Rxa7
Rxa2 40. Rxa2 Nxa2 41. Kd4 c3 42. Kd3 Kc7 43. Ne4 Kb6 44. Kc2 Kb5 45. Kb3
1/2-1/2

[Event "4NCL9495 2nd Season"]
[Site "Various Venues"]
[Date "1995.05.20"]
[Round "11.7"]
[White "O'Siochru, Mairead Maura"]
[Black "Dyce->Cast, Abigail"]
[Result "1-0"]
[WhiteElo "2045"]
[BlackElo "1720"]
[PlyCount "107"]
[EventDate "1994.10.01"]
[EventType "team-tourn"]
[EventRounds "11"]
[EventCountry "GBR"]
[SourceTitle "BritBase 15May2020"]
[SourceDate "2020.05.15"]
[SourceVersionDate "2020.05.15"]
[WhiteTeam "Na Fianna"]
[BlackTeam "South Wales Dragons"]
[WhiteTeamCountry "IRL"]
[BlackTeamCountry "WLS"]

1. c4 c6 2. Nc3 d5 3. cxd5 cxd5 4. d4 Nf6 5. Nf3 Nc6 6. Bf4 Bf5 7. e3 e6 8. Be2
Qb6 9. O-O Qxb2 10. Nb5 Rc8 11. Ne5 a6 12. Nxc6 Rxc6 13. Na7 Rc3 14. Qa4+ Nd7
15. Bb5 axb5 16. Nxb5 Rc8 17. Nc7+ Kd8 18. Rac1 e5 19. Bxe5 Qa3 20. Qb5 Bd3 21.
Qxd5 Ke7 22. Rfd1 Ba6 23. Qe4 Kd8 24. Qc2 Nb6 25. Qf5 Qxa2 26. d5 Qa3 27. Qxf7
Qe7 28. Ne6+ Kd7 29. Qf5 Rxc1 30. Rxc1 Ke8 31. Nc7+ Kd8 32. Ne6+ Ke8 33. Nc7+
Kd8 34. Ne6+ Ke8 35. Rc7 Qxc7 36. Nxc7+ Kd8 37. d6 Bc4 38. Ne6+ Bxe6 39. Qxe6
Nd7 40. h3 Nxe5 41. Qxe5 Kd7 42. Qb5+ Kxd6 43. Qxb7 Be7 44. Qb4+ Ke6 45. Qg4+
Kf7 46. Qh5+ g6 47. Qd5+ Kg7 48. Qe5+ Bf6 49. Qc7+ Kh6 50. g4 Rd8 51. f4 g5 52.
f5 Rd3 53. Qf7 Bc3 54. f6 1-0

[Event "4NCL9495 2nd Season"]
[Site "Various Venues"]
[Date "1995.05.20"]
[Round "11.1"]
[White "Ansell, Simon"]
[Black "Hennigan, Michael"]
[Result "0-1"]
[WhiteElo "2320"]
[BlackElo "2410"]
[PlyCount "108"]
[EventDate "1994.10.01"]
[EventType "team-tourn"]
[EventRounds "11"]
[EventCountry "GBR"]
[SourceTitle "BritBase 14May2020"]
[SourceDate "2020.05.14"]
[SourceVersionDate "2020.05.14"]
[WhiteTeam "Witney"]
[BlackTeam "Slough"]
[WhiteTeamCountry "ENG"]
[BlackTeamCountry "ENG"]

1. e4 c5 2. Nf3 Nc6 3. Bb5 e6 4. O-O Nge7 5. Nc3 Nd4 6. Nxd4 cxd4 7. Ne2 a6 8.
Ba4 Nc6 9. d3 b5 10. Bb3 Qb6 11. f4 Bb7 12. Ng3 Na5 13. f5 Nxb3 14. cxb3 e5 15.
Bg5 f6 16. Qh5+ Ke7 17. Bd2 a5 18. Rfc1 Qd8 19. Rc5 Bc6 20. Rxe5+ Kd6 21. Rd5+
Bxd5 22. exd5 Kc5 23. Rc1+ Kb6 24. Qg4 Ka6 25. Qxd4 Qb6 26. Qxb6+ Kxb6 27. Ne4
Kb7 28. d6 Rc8 29. Rxc8 Kxc8 30. Bxa5 g6 31. Bc7 gxf5 32. Nxf6 Bg7 33. Nd5 Kb7
34. a4 bxa4 35. bxa4 Bxb2 36. Ne7 Ra8 37. a5 Bc3 38. Kf2 Bxa5 39. Bxa5 Rxa5 40.
d4 Ra2+ 41. Kf3 f4 42. h4 Rd2 43. Ke4 Rxg2 44. Kxf4 Rd2 45. Ke5 Rh2 46. Nf5 Kc6
47. d5+ Kc5 48. Kf6 Rf2 49. Ke5 Re2+ 50. Kf6 Kxd5 51. Kg7 Ke5 52. Nh6 Kxd6 53.
Kxh7 Ke6 54. h5 d5 0-1

[Event "4NCL9495 2nd Season"]
[Site "Various Venues"]
[Date "1995.05.20"]
[Round "11.2"]
[White "Summerscale, Aaron"]
[Black "Brooks, Phil J"]
[Result "1-0"]
[WhiteElo "2435"]
[BlackElo "2240"]
[PlyCount "53"]
[EventDate "1994.10.01"]
[EventType "team-tourn"]
[EventRounds "11"]
[EventCountry "GBR"]
[SourceTitle "BritBase"]
[SourceDate "2020.05.17"]
[SourceVersion "1"]
[SourceVersionDate "2020.05.17"]
[SourceQuality "1"]
[WhiteTeam "Slough"]
[BlackTeam "Witney"]
[WhiteTeamCountry "ENG"]
[BlackTeamCountry "ENG"]

1. d4 Nf6 2. c4 e6 3. Nc3 Bb4 4. Qb3 c5 5. dxc5 Nc6 6. Nf3 Ne4 7. Bd2 Nxd2 8.
Nxd2 Bxc5 9. e3 b6 10. Be2 O-O 11. O-O Rb8 12. Rad1 f5 13. Nf3 Qe7 14. Qc2 a6
15. a3 Bd6 16. Rd2 Bc7 17. Rfd1 Rf6 18. Nb5 axb5 19. cxb5 Qe8 20. bxc6 dxc6 21.
Ne5 c5 22. Nd7 Bxd7 23. Rxd7 Rb7 24. g3 Qb8 25. Bb5 Kh8 26. Re7 Rg6 27. Re8+
1-0

[Event "4NCL9495 2nd Season"]
[Site "Various Venues"]
[Date "1995.05.20"]
[Round "11.3"]
[White "Cobb, Charles"]
[Black "Cummings, David H"]
[Result "0-1"]
[WhiteElo "2170"]
[BlackElo "2375"]
[PlyCount "68"]
[EventDate "1994.10.01"]
[EventType "team-tourn"]
[EventRounds "11"]
[EventCountry "GBR"]
[SourceTitle "BritBase 10May2020"]
[SourceDate "2020.05.10"]
[SourceVersionDate "2020.05.10"]
[WhiteTeam "Witney"]
[BlackTeam "Slough"]
[WhiteTeamCountry "ENG"]
[BlackTeamCountry "ENG"]

1. e4 c5 2. c3 Nf6 3. e5 Nd5 4. d4 cxd4 5. Nf3 e6 6. cxd4 b6 7. Bd3 Bb4+ 8. Bd2
Bxd2+ 9. Qxd2 Ba6 10. Nc3 Nxc3 11. bxc3 Bxd3 12. Qxd3 O-O 13. h4 f5 14. d5 Qc8
15. O-O Na6 16. c4 Nc5 17. Qe2 Ne4 18. Ng5 Nxg5 19. hxg5 f4 20. Rfd1 f3 21.
gxf3 Rf4 22. dxe6 dxe6 23. Rd6 Qf8 24. Rad1 Qe7 25. Qe3 Raf8 26. Rd8 Qxg5+ 27.
Kf1 Qh4 28. Rxf8+ Rxf8 29. Rd4 Qh1+ 30. Ke2 Qb1 31. Rd7 Qxa2+ 32. Ke1 Qxc4 33.
Qg5 Qb4+ 34. Rd2 Qf4 {Source: scoresheet} 0-1

[Event "4NCL9495 2nd Season"]
[Site "Various Venues"]
[Date "1995.05.20"]
[Round "11.4"]
[White "Webb, Richard M"]
[Black "Headlong, Timothy"]
[Result "1/2-1/2"]
[WhiteElo "2320"]
[BlackElo "2195"]
[PlyCount "37"]
[EventDate "1994.10.01"]
[EventType "team-tourn"]
[EventRounds "11"]
[EventCountry "GBR"]
[SourceTitle "BritBase 14May2020"]
[SourceDate "2020.05.14"]
[SourceVersionDate "2020.05.14"]
[WhiteTeam "Slough"]
[BlackTeam "Witney"]
[WhiteTeamCountry "ENG"]
[BlackTeamCountry "ENG"]

1. e4 c6 2. d4 d5 3. Nc3 dxe4 4. Nxe4 Nd7 5. Nf3 Ngf6 6. Nxf6+ Nxf6 7. Ne5 Nd7
8. Nf3 Nf6 9. Bc4 Bf5 10. Ne5 e6 11. g4 Bg6 12. h4 Nd7 13. Nxd7 Qxd7 14. h5 Be4
15. f3 Bd5 16. Qe2 Bxc4 17. Qxc4 O-O-O 18. Be3 Qd5 19. Qxd5 1/2-1/2

[Event "4NCL9495 2nd Season"]
[Site "Various Venues"]
[Date "1995.05.20"]
[Round "11.5"]
[White "Haydon, Richard"]
[Black "Houska, Miroslav"]
[Result "1-0"]
[WhiteElo "2190"]
[BlackElo "2245"]
[PlyCount "65"]
[EventDate "1994.10.01"]
[EventType "team-tourn"]
[EventRounds "11"]
[EventCountry "GBR"]
[SourceTitle "BritBase 14May2020"]
[SourceDate "2020.05.14"]
[SourceVersionDate "2020.05.14"]
[WhiteTeam "Witney"]
[BlackTeam "Slough"]
[WhiteTeamCountry "ENG"]
[BlackTeamCountry "ENG"]

1. Nf3 f5 2. g3 Nf6 3. Bg2 g6 4. O-O Bg7 5. d4 O-O 6. b3 d6 7. Bb2 Qe8 8. Nbd2
c6 9. Re1 Ne4 10. e3 Na6 11. Re2 Nc7 12. Ne1 Nxd2 13. Rxd2 g5 14. f4 h6 15. Nd3
Nd5 16. Qe2 Nf6 17. Nf2 Be6 18. c4 d5 19. Rc1 Kh8 20. cxd5 Bxd5 21. fxg5 hxg5
22. e4 fxe4 23. Nxe4 Bxe4 24. Bxe4 Nxe4 25. Qxe4 Qf7 26. Re1 Bf6 27. Ba3 Rfe8
28. Red1 Qd5 29. Qg6 Bg7 30. Rd3 e5 31. g4 Kg8 32. Rh3 Qa5 33. Rf1 1-0

[Event "4NCL9495 2nd Season"]
[Site "Various Venues"]
[Date "1995.05.20"]
[Round "11.6"]
[White "Richardson, John R"]
[Black "Truran, Michael C"]
[Result "1-0"]
[WhiteElo "2290"]
[BlackElo "2220"]
[PlyCount "147"]
[EventDate "1994.10.01"]
[EventType "team-tourn"]
[EventRounds "11"]
[EventCountry "GBR"]
[SourceTitle "BritBase 14May2020"]
[SourceDate "2020.05.14"]
[SourceVersionDate "2020.05.14"]
[WhiteTeam "Slough"]
[BlackTeam "Witney"]
[WhiteTeamCountry "ENG"]
[BlackTeamCountry "ENG"]

1. d4 f5 2. g3 Nf6 3. Bg2 g6 4. b3 Bg7 5. Bb2 O-O 6. Nf3 d6 7. O-O c6 8. c4 Na6
9. Nbd2 Qe8 10. Qc2 Bd7 11. Rae1 Nc7 12. e4 fxe4 13. Nxe4 Nxe4 14. Qxe4 Bf6 15.
Qe3 Bf5 16. Ng5 Qd7 17. f3 h6 18. Ne4 Bg7 19. Nf2 Rae8 20. g4 Be6 21. h3 b5 22.
d5 cxd5 23. Bxg7 Kxg7 24. cxb5 Bf7 25. Qxa7 Ra8 26. Qb7 Rfb8 27. Qc6 Qxc6 28.
bxc6 e5 29. Re2 Rb6 30. Rc1 Ne6 31. Rb2 Rc8 32. b4 Rcxc6 33. Rxc6 Rxc6 34. b5
Rb6 35. a4 Nd4 36. Nd1 Kf8 37. Kf2 Ke7 38. Bf1 Kd7 39. a5 Rb8 40. a6 Kc7 41. a7
Rf8 42. b6+ Kb7 43. Nc3 Be6 44. Nb5 Nxb5 45. Bxb5 Rc8 46. Ba6+ Kxa6 47. b7 Kxa7
48. bxc8=Q Bxc8 49. Ke3 d4+ 50. Kf2 Bb7 51. Rb4 Kb8 52. Rc4 Bd5 53. Rc1 Kb7 54.
f4 exf4 55. Rd1 Be4 56. Rxd4 d5 57. Ra4 h5 58. gxh5 gxh5 59. h4 Kc7 60. Ra6 Kd7
61. Rh6 Ke7 62. Rxh5 Kf6 63. Rg5 Kf7 64. Rg4 f3 65. h5 Kf8 66. h6 Kf7 67. Rg7+
Kf8 68. Ke3 d4+ 69. Kf2 d3 70. Ke3 Bf5 71. Kxf3 Be6 72. Ke3 Bf5 73. Rg5 Bh7 74.
Rg1 1-0